| 000 | 00752pab a2200169 454500 | ||
|---|---|---|---|
| 008 | 180718b2005 xxu||||| |||| 00| 0 eng d | ||
| 100 | _aMohanty, Tapan R. | ||
| 245 | _aDam of division: understanding the Baglihar dispute | ||
| 260 | _c2005 | ||
| 300 | _ap.3155-158. | ||
| 362 | _a16 Jul | ||
| 520 | _aThe complaint of Pakistan on the Baglihar project is that the design permits India to potentially cause a lot of harm by storing water during the dry season. If India had provided the design information earlier rather than stonewalling the Pakistani queries, it could have saved the country some embarrassment. - Reproduced. | ||
| 650 | _aWater supply | ||
| 700 | _aKhan, Adil Hasan | ||
| 773 | _aEconomic and Political Weekly | ||
| 909 | _a66354 | ||
| 999 |
_c66354 _d66354 |
||